[Event "Yerevan op"]
[Site "Yerevan"]
[Date "1983.??.??"]
[Round "4"]
[White "Yudasin, Leonid"]
[Black "Osnos, Viatcheslav"]
[Result "1/2-1/2"]
[WhiteElo "2500"]
[BlackElo "2455"]

1.e4 c5 2.Nf3 Nc6 3.d4 cxd4 4.Nxd4 e6 5.Nc3 a6 6.f4 Qc7 7.Nxc6 bxc6 8.Bd3 d5
9.O-O Nf6 10.e5 Nd7 11.Na4 Nc5 12.c4 Qa5 13.Nxc5 Qxc5+ 14.Kh1 Be7 15.Qc2 a5
16.Rf3 g6 17.Be3 d4 18.Bg1 O-O 19.Rd1 Ba6 20.Bf1 Rad8 21.Qa4 Qb4 22.Qxb4 axb4
23.Rxd4 Rxd4 24.Bxd4 Rd8 25.Be3 Rd1 26.b3 c5  1/2-1/2

[Event "Yerevan op"]
[Site "Yerevan"]
[Date "1983.??.??"]
[Round "5"]
[White "Ivanov, Alexander"]
[Black "Yudasin, Leonid"]
[Result "0-1"]
[WhiteElo "2425"]
[BlackElo "2500"]

1.e4 e5 2.Nc3 Nf6 3.g3 d5 4.exd5 Nxd5 5.Bg2 Nxc3 6.bxc3 Bd6 7.Ne2 O-O 8.O-O c6
9.d4 Be6 10.dxe5 Bxe5 11.Nd4 Bd5 12.Re1 Nd7 13.Bxd5 cxd5 14.Rb1 Qc7 15.Qf3 Bxd4
16.cxd4 Nf6 17.Qb3 b6 18.Bf4 Qd7 19.Re5 Rfe8 20.Rbe1 h6 21.f3 Rac8 22.R1e2 Rc4
23.Qd3 Rec8 24.Re7 Qh3 25.Qd1 Qf5 26.Qd3 Qxd3 27.cxd3 Rxd4 28.Rxa7 Rxd3 29.Kg2 Rcc3
30.Ree7 Rc2+ 31.Kh3 Rxf3 32.Rxf7 Rff2 33.Rxg7+ Kh8  0-1

[Event "Yerevan op"]
[Site "Yerevan"]
[Date "1983.??.??"]
[Round "7"]
[White "Filipenko, Alexander V"]
[Black "Yudasin, Leonid"]
[Result "1/2-1/2"]
[WhiteElo "2370"]
[BlackElo "2500"]

1.e4 c5 2.Nf3 d6 3.d4 cxd4 4.Nxd4 Nf6 5.Nc3 Nc6 6.g3 Bd7 7.Bg2 e6 8.O-O a6
9.Nxc6 Bxc6 10.Qe2 Qc7 11.a4 Be7 12.Be3 b6 13.Rfd1 O-O 14.Bf4 Nd7 15.Nd5 Bxd5
16.exd5 e5 17.Be3 a5 18.Rd3 f5  1/2-1/2

[Event "White Knights"]
[Site "Leningrad"]
[Date "1984.??.??"]
[Round "?"]
[White "Yudasin, Leonid"]
[Black "Cherepkov, Alexander V"]
[Result "1/2-1/2"]
[WhiteElo "2460"]
[BlackElo "2425"]

1.e4 e5 2.Nf3 Nf6 3.Nxe5 d6 4.Nf3 Nxe4 5.d4 d5 6.Bd3 Be7 7.O-O Nc6 8.Re1 Bf5
9.c4 Nb4 10.Bf1 O-O 11.a3 Nc6 12.cxd5 Qxd5 13.Nc3 Nxc3 14.bxc3 Bf6 15.Bf4 Rac8
16.Ne5 Nxe5 17.Bxe5 Bd8 18.Qa4 a6 19.c4 Qd7 20.Qxd7 Bxd7 21.Rab1 Rb8 22.Re3 b6
23.c5  1/2-1/2

[Event "White Knights"]
[Site "Leningrad"]
[Date "1984.??.??"]
[Round "?"]
[White "Vyzmanavin, Alexey"]
[Black "Yudasin, Leonid"]
[Result "1/2-1/2"]
[WhiteElo "2470"]
[BlackElo "2460"]

1.d4 Nf6 2.c4 e6 3.Nf3 b6 4.Nc3 Bb7 5.a3 d5 6.cxd5 exd5 7.g3 Be7 8.Qa4+ c6
9.Bg2 O-O 10.O-O Nbd7 11.Bf4 Nh5 12.Rfd1 Nxf4 13.gxf4 Nf6 14.Ne5 Qd6 15.e3 Rfd8
16.Rac1 Qe6 17.b4 a5 18.Qb3 axb4 19.axb4 b5 20.Nd3 Bc8 21.Ra1 Bd7 22.Ra2 Ng4
23.Rxa8 Rxa8 24.h3 Nh6 25.Ne5 Ra6 26.Nxd7 Qxd7 27.e4 dxe4 28.Nxe4 Ra7 29.d5 cxd5
30.Qxd5 Qxd5 31.Rxd5 Ra4 32.Rxb5 Rxb4  1/2-1/2

[Event "White Knights"]
[Site "Leningrad"]
[Date "1984.??.??"]
[Round "?"]
[White "Rivas Pastor, Manuel"]
[Black "Yudasin, Leonid"]
[Result "1/2-1/2"]
[WhiteElo "2500"]
[BlackElo "2460"]

1.d4 Nf6 2.c4 e6 3.Nf3 b6 4.Bf4 Bb7 5.e3 Bb4+ 6.Nbd2 O-O 7.Bd3 d5 8.cxd5 exd5
9.O-O Be7 10.Ne5 c5 11.Qf3 Qc8 12.g4 Nc6 13.Bf5 Qd8  1/2-1/2

[Event "White Knights"]
[Site "Leningrad"]
[Date "1984.??.??"]
[Round "?"]
[White "Yudasin, Leonid"]
[Black "Hjartarson, Johann"]
[Result "1-0"]
[WhiteElo "2460"]
[BlackElo "2415"]

1.e4 e5 2.Nf3 Nc6 3.Bb5 a6 4.Ba4 Nf6 5.O-O Be7 6.Re1 b5 7.Bb3 d6 8.a4 Bb7
9.d3 O-O 10.Nc3 Na5 11.Ba2 b4 12.Ne2 Nh5 13.c3 bxc3 14.Nxc3 Nf6 15.d4 Nc6
16.dxe5 dxe5 17.Bg5 Nb4 18.Bc4 h6 19.Bh4 Nd7 20.Bg3 Bf6 21.a5 Qe7 22.Qb3 Rab8
23.Rac1 c5 24.Qd1 Qd8 25.Qd6 Be7 26.Qd2 Qc7 27.Qe2 Bf6 28.Rcd1 Bc6 29.Nh4 Bxh4
30.Bxh4 Qxa5 31.Qg4 Nc2 32.Re2 Rxb2 33.Nd5 Bxd5 34.Bxd5 Qa4 35.Red2 Kh8 36.h3 f5
37.Qg6 Nd4 38.Be6 Rxd2 39.Rxd2 Nf6 40.Bxf6 Nxe6 41.Bxe5 Qe8 42.exf5 Qxg6
43.fxg6 Nd4 44.Bxd4 cxd4 45.Rxd4 a5 46.h4 Ra8 47.Ra4 Kg8 48.h5 Kf8 49.g4 Ke7
50.f4 Kd6 51.Kg2 Ra6 52.Kf3 Ke6 53.Ke4 Ra8 54.Kd4 Kd6 55.Kc4 Rc8+ 56.Kd3 Rc5
57.Rd4+ Ke7 58.Rc4 Rd5+ 59.Ke4 Rd7 60.Rc8 Ra7 61.Rg8 Kd6 62.f5 a4 63.f6 gxf6
64.g7 Rd7 65.Kf5  1-0

[Event "White Knights"]
[Site "Leningrad"]
[Date "1984.??.??"]
[Round "?"]
[White "Yudasin, Leonid"]
[Black "Kochyev, Alexander"]
[Result "1/2-1/2"]
[WhiteElo "2460"]
[BlackElo "2455"]

1.e4 c5 2.Nf3 e6 3.d4 cxd4 4.Nxd4 a6 5.Bd3 Nf6 6.O-O Qc7 7.Kh1 Bc5 8.Nb3 Be7
9.f4 d6 10.Be3 O-O 11.Qf3 Nc6 12.N1d2 Rb8 13.Bf2 b5 14.Rae1 Bb7 15.a3 e5
16.f5 Na5 17.Nxa5 Qxa5 18.Re2 Qd8 19.Qh3 Rc8 20.b4 Rc3 21.Nb1 Rc8 22.Nd2  1/2-1/2

[Event "White Knights"]
[Site "Leningrad"]
[Date "1984.??.??"]
[Round "?"]
[White "Yudasin, Leonid"]
[Black "Lukin, Andrei M"]
[Result "0-1"]
[WhiteElo "2460"]
[BlackElo "2470"]

1.e4 c5 2.Nf3 d6 3.d4 cxd4 4.Nxd4 Nf6 5.Nc3 a6 6.Be3 Nbd7 7.Qd2 e6 8.f3 b5
9.g4 h6 10.a3 Bb7 11.O-O-O Rc8 12.Bd3 Ne5 13.h4 d5 14.g5 dxe4 15.Bxb5+ axb5
16.gxf6 exf3 17.fxg7 Bxg7 18.Rhg1 Nc4 19.Qe1 Qf6 20.Ndxb5 O-O 21.Nd6 Nxd6
22.Rxd6 Kh7 23.Qd2 Qf5 24.Nd1 Rg8 25.Rf1 Be5 26.Rd7 Bc6 27.Ra7 Bb5 28.Rf2 Be2
29.Rxe2 fxe2 30.Qxe2 Rc6 31.c3 Bf4 32.Bxf4 Qxf4+ 33.Kb1 Qf5+ 34.Ka1 Rg1 35.Rd7 Rc5
36.Qe3 Rf1 37.c4 Rxc4 38.Ka2 Rxh4 39.Nc3 Rg4 40.Qa7 Rg2 41.Rb7 Rf3  0-1

[Event "White Knights"]
[Site "Leningrad"]
[Date "1984.??.??"]
[Round "?"]
[White "Yermolinsky, Alex"]
[Black "Yudasin, Leonid"]
[Result "1/2-1/2"]
[WhiteElo "2420"]
[BlackElo "2460"]

1.d4 Nf6 2.Nf3 e6 3.c4 b6 4.a3 Ba6 5.Qc2 Bb7 6.Nc3 c5 7.d5 exd5 8.cxd5 Nxd5
9.Bg5 Be7 10.Nb5 O-O 11.Nd6 Bxg5 12.Nxb7 Qe7 13.Qf5 Nf6 14.Qxg5 d5 15.Nh4 Qxb7
16.Nf5 Ne8 17.Ne7+ Kh8 18.Qxd5 Qxd5 19.Nxd5 Nc6  1/2-1/2

[Event "URS-FL"]
[Site "Sverdlovsk"]
[Date "1984.??.??"]
[Round "?"]
[White "Rashkovsky, Nukhim N"]
[Black "Yudasin, Leonid"]
[Result "1/2-1/2"]
[WhiteElo "2400"]
[BlackElo "2480"]

1.d4 Nf6 2.c4 e6 3.Nf3 b6 4.a3 Ba6 5.e3 d5 6.Nbd2 Be7 7.b3 O-O 8.Bb2 c5 9.Bd3 Nc6
10.O-O Rc8 11.Qe2 cxd4 12.exd4 Rc7 13.Rac1 dxc4 14.bxc4 Bb7 15.Rfd1 Re8 16.Ne4 Na5
17.d5 exd5 18.Nxf6+ Bxf6 19.Bxf6 gxf6 20.Qd2 dxc4 21.Bxh7+ Kxh7 22.Qc2+ Be4
23.Rxd8 Bxc2 24.Rxe8 Bg6 25.h4 Nb3 26.Rc3 b5 27.g4 a5 28.Rb8 Be4 29.Ne1  1/2-1/2

[Event "URS-FL"]
[Site "Sverdlovsk"]
[Date "1984.??.??"]
[Round "?"]
[White "Vaisser, Anatoli"]
[Black "Yudasin, Leonid"]
[Result "1/2-1/2"]
[WhiteElo "2495"]
[BlackElo "2480"]

1.d4 Nf6 2.c4 e6 3.Nc3 Bb4 4.e3 c5 5.a3 Bxc3+ 6.bxc3 Nc6 7.Bd3 e5 8.Ne2 O-O
9.O-O d6 10.Ng3 Re8 11.d5 e4 12.dxc6 exd3 13.cxb7 Bxb7 14.Qxd3 Qd7 15.f3 Ba6
16.e4 Qe6 17.Rd1 Red8 18.Bg5 Bxc4 19.Qe3 h6 20.Bxf6 Qxf6 21.Rab1 Rd7 22.Rd2 Rad8
23.a4 g6 24.a5 h5 25.Ne2 Qe5 26.f4 Qe7 27.f5 Re8 28.fxg6 fxg6 29.Nf4 Qxe4
30.Qxe4 Rxe4 31.g3 Kf7 32.Rbd1 g5 33.Nh3 Ke7 34.Nxg5 Re5 35.Nf3 Re3 36.Nh4 Ke6
37.Rxd6+ Rxd6 38.Rxd6+ Ke5 39.Rd7 Rxc3 40.Rxa7 Rc1+ 41.Kf2  1/2-1/2

[Event "URS-FL"]
[Site "Sverdlovsk"]
[Date "1984.??.??"]
[Round "?"]
[White "Rozentalis, Eduardas"]
[Black "Yudasin, Leonid"]
[Result "1/2-1/2"]
[WhiteElo "2490"]
[BlackElo "2480"]

1.e4 c5 2.c3 d5 3.exd5 Qxd5 4.d4 e6 5.Nf3 Nf6 6.Na3 Qd8 7.Nc4 Nc6 8.Nce5 cxd4
9.Bb5 Qd5 10.Qa4 a6 11.Bxc6+ bxc6 12.O-O dxc3 13.bxc3 Qb5 14.Qc2 Nd7 15.c4 Qb7
16.Rb1 Qc7 17.Qe2 Nxe5 18.Nxe5 Bd6 19.Bf4 O-O 20.c5 Bxc5 21.Rfc1 Bd6 22.Rxc6 Qe7
23.Ng6 hxg6 24.Bxd6 Qd7 25.Rbb6 Rd8 26.h3  1/2-1/2

[Event "URS-FL"]
[Site "Sverdlovsk"]
[Date "1984.??.??"]
[Round "?"]
[White "Chernin, Alexander"]
[Black "Yudasin, Leonid"]
[Result "1-0"]
[WhiteElo "2475"]
[BlackElo "2480"]

1.d4 Nf6 2.c4 e6 3.g3 d5 4.Bg2 dxc4 5.Nf3 b5 6.a4 c6 7.axb5 cxb5 8.Ne5 Nd5
9.Nc3 Bb4 10.O-O Bxc3 11.e4 Bxb2 12.exd5 Bxa1 13.Ba3 a5 14.Qg4 b4 15.Qxg7 Rf8
16.Rxa1 bxa3 17.dxe6 Bxe6 18.Bxa8 Qxd4 19.Rb1 Nd7 20.Bc6 Qd6 21.Bxd7+ Bxd7
22.Nxc4 Qc5 23.Rb8+ Bc8 24.Rxc8+  1-0

[Event "URS-FL"]
[Site "Sverdlovsk"]
[Date "1984.??.??"]
[Round "?"]
[White "Ehlvest, Jaan"]
[Black "Yudasin, Leonid"]
[Result "1/2-1/2"]
[WhiteElo "2505"]
[BlackElo "2480"]

1.e4 c5 2.Nf3 d6 3.d4 cxd4 4.Nxd4 Nf6 5.Nc3 Nc6 6.Bg5 e6 7.Qd2 Be7 8.O-O-O O-O
9.Nb3 a6 10.h4 b5 11.Bxf6 gxf6 12.g4 b4 13.Ne2 a5 14.Ned4 Bb7 15.Nxc6 Bxc6
16.Nd4 Bb7 17.g5 f5 18.Rg1 Bxe4 19.g6 hxg6 20.Nxe6 fxe6 21.Qh6 Rf6 22.Rxg6+ Rxg6
23.Qxg6+ Kf8 24.Bc4 d5 25.Rg1 Bg5+ 26.Rxg5 Ke7 27.Qg7+ Kd6 28.Qd4 Rc8 29.Bb3 Qh8
30.Qb6+ Rc6 31.Qxa5 Qxh4 32.Qd8+ Kc5 33.Qf8+ Rd6 34.Qc8+ Rc6 35.Qf8+ Rd6  1/2-1/2

[Event "URS-FL"]
[Site "Sverdlovsk"]
[Date "1984.??.??"]
[Round "?"]
[White "Gurevich, Mikhail"]
[Black "Yudasin, Leonid"]
[Result "0-1"]
[WhiteElo "2420"]
[BlackElo "2480"]

1.c4 Nf6 2.Nc3 c5 3.Nf3 Nc6 4.e3 e5 5.d4 cxd4 6.exd4 e4 7.Ng5 Bb4 8.d5 Ne5
9.Qb3 Qe7 10.Bd2 O-O 11.Ncxe4 Bxd2+ 12.Kxd2 d6 13.f4 Ng6 14.Re1 Nxf4 15.Qg3 N6h5
16.Qa3 h6 17.Nf3 Rd8 18.g3 Ng6 19.Bd3 Qc7 20.Qc3 Bh3 21.Rhg1 Bg4 22.Nd4 Ne5
23.Rgf1 a6 24.Kc2 Rac8 25.Rc1 Qe7 26.Nd2 Nf6 27.Kb1 Nxd5 28.Qb3 Nf6 29.Bf5 Rc5
30.h3 Nc6 31.Nxc6 Bxf5+ 32.Rxf5 bxc6 33.Rf3 Re5 34.Qd3 d5 35.Nb3 d4 36.Nxd4 Qc5
37.Rf4 Nh5 38.Rh4 Rg5 39.Qe3 Nxg3 40.Re1 Nf5 41.Nxf5 Qxf5+ 42.Ka1 Rg2 43.a3 Qf6  0-1

[Event "URS-FL"]
[Site "Sverdlovsk"]
[Date "1984.??.??"]
[Round "?"]
[White "Kharitonov, Andrei Y"]
[Black "Yudasin, Leonid"]
[Result "1/2-1/2"]
[WhiteElo "2470"]
[BlackElo "2480"]

1.d4 e6 2.Nf3 Nf6 3.Bf4 c5 4.e3 Be7 5.h3 Qb6 6.Qc1 Nc6 7.c3 Ne4 8.Nbd2 Nxd2
9.Qxd2 d5 10.Bd3 Bd7 11.O-O O-O 12.Qe2 f5 13.Rac1 Rac8 14.Rfd1 c4 15.Bb1 Be8
16.g4 Bg6  1/2-1/2

[Event "URS-FL"]
[Site "Sverdlovsk"]
[Date "1984.??.??"]
[Round "?"]
[White "Psakhis, Lev"]
[Black "Yudasin, Leonid"]
[Result "1/2-1/2"]
[WhiteElo "2565"]
[BlackElo "2480"]

1.c4 Nf6 2.Nc3 e6 3.Nf3 b6 4.g3 Bb7 5.Bg2 Be7 6.d4 O-O 7.d5 Bb4 8.Bd2 c6
9.dxc6 dxc6 10.Qc2 Nbd7 11.O-O Qc7 12.a3 Be7 13.Rfd1 h6 14.b4 a5 15.Rab1 Rfd8
16.h3 axb4 17.axb4 c5 18.Bf4 Qc8 19.b5 Nh5 20.Bd6 Bxd6 21.Rxd6 Nhf6 22.Rbd1 Re8
23.Nd2 Bxg2 24.Kxg2 Qb7+ 25.f3 Ne5 26.Nce4 Nfd7 27.f4 f5 28.fxe5 fxe4 29.Qc3  1/2-1/2

[Event "URS-FL"]
[Site "Sverdlovsk"]
[Date "1984.??.??"]
[Round "?"]
[White "Yudasin, Leonid"]
[Black "Gavrikov, Viktor"]
[Result "1/2-1/2"]
[WhiteElo "2480"]
[BlackElo "2505"]

1.e4 c5 2.Nf3 d6 3.d4 cxd4 4.Nxd4 Nf6 5.Nc3 a6 6.Be2 e5 7.Nb3 Be7 8.O-O O-O
9.Be3 Be6 10.Qd2 b5 11.a4 b4 12.Nd5 Nxe4 13.Nxe7+ Qxe7 14.Qxb4 f5 15.Na5 Rc8
16.Bf3 Nd7 17.Bxe4 fxe4 18.Rfd1 Nc5 19.Bxc5 Rxc5 20.Qxe4 Rac8 21.c4 Rxa5
22.b4 Rxc4 23.Qa8+ Rc8 24.Qe4 Rc4 25.Qa8+ Rc8 26.Qe4 Rc4  1/2-1/2

[Event "URS-FL"]
[Site "Sverdlovsk"]
[Date "1984.??.??"]
[Round "?"]
[White "Yudasin, Leonid"]
[Black "Gorelov, Sergey G"]
[Result "1/2-1/2"]
[WhiteElo "2480"]
[BlackElo "2420"]

1.e4 c5 2.Nf3 e6 3.d4 cxd4 4.Nxd4 Nf6 5.Nc3 Nc6 6.a3 d6 7.f4 Be7 8.Nf3 O-O
9.Bd3 a6 10.O-O b5 11.b4 a5 12.Rb1 axb4 13.axb4 d5 14.exd5 Nxd5 15.Nxd5 exd5
16.c3 Ba6 17.Nd4 Nxd4 18.cxd4 Qb6 19.Be2 Bf6 20.Bb2 Be7 21.Bc1 Bf6 22.Bb2 Be7
23.Bc1 Bf6 24.Bb2  1/2-1/2

[Event "URS-FL"]
[Site "Sverdlovsk"]
[Date "1984.??.??"]
[Round "?"]
[White "Yudasin, Leonid"]
[Black "Gurgenidze, Bukhuti"]
[Result "1/2-1/2"]
[WhiteElo "2480"]
[BlackElo "2450"]

1.d4 Nf6 2.c4 g6 3.Nc3 Bg7 4.e4 d6 5.Nf3 c6 6.Be2 a6 7.O-O Nfd7 8.Be3 b5
9.Qd2 O-O 10.h3 bxc4 11.Bxc4 Nb6 12.Be2 a5 13.Bh6 N8d7 14.Rad1 Qc7 15.Rc1 Qb8
16.Rfe1 Re8 17.Bxg7 Kxg7 18.e5 Nf8 19.Ne4 f5 20.Ng3 Bd7 21.h4 Ne6 22.Bd3 Nd5
23.exd6 exd6 24.a3 Nef4 25.Bc4 Rxe1+ 26.Rxe1 Qf8 27.Nf1 a4 28.g3 Nh5 29.Bxd5 cxd5
30.Ng5 Re8 31.Rxe8 Qxe8 32.f3 Bb5 33.Qf2 Bxf1 34.Kxf1 f4 35.g4 Ng3+ 36.Kg2 Ne2
37.Kf1 Ng3+ 38.Kg2 Ne2  1/2-1/2

[Event "URS-FL"]
[Site "Sverdlovsk"]
[Date "1984.??.??"]
[Round "?"]
[White "Yudasin, Leonid"]
[Black "Kholmov, Ratmir D"]
[Result "1/2-1/2"]
[WhiteElo "2480"]
[BlackElo "2445"]

1.e4 e5 2.Nf3 Nc6 3.Bb5 a6 4.Ba4 Nf6 5.O-O Be7 6.Re1 b5 7.Bb3 O-O 8.c3 d6
9.d4 Bg4 10.Be3 Na5 11.Bc2 Nc4 12.Bc1 d5 13.h3 Bxf3 14.Qxf3 dxe4 15.Bxe4 Nxe4
16.Qxe4 Bf6 17.dxe5 Nxe5 18.Be3 Qd3 19.Qxd3 Nxd3 20.Re2  1/2-1/2

[Event "URS-FL"]
[Site "Sverdlovsk"]
[Date "1984.??.??"]
[Round "?"]
[White "Yudasin, Leonid"]
[Black "Podgaets, Mikhail"]
[Result "1/2-1/2"]
[WhiteElo "2480"]
[BlackElo "2455"]

1.e4 e5 2.Nf3 Nc6 3.Bb5 a6 4.Ba4 Nf6 5.O-O Be7 6.Re1 b5 7.Bb3 d6 8.a4 Bd7
9.d3 O-O 10.Nc3 b4 11.Nd5 Nxd5 12.Bxd5 Qc8 13.Bd2 Rb8 14.a5 Nd8 15.d4 exd4
16.Nxd4 Bf6 17.c3 Ne6 18.Nc6 Bxc6 19.Bxc6 bxc3 20.Bxc3 Bxc3 21.bxc3 Qd8 22.Qe2 Nc5
23.Rad1  1/2-1/2

[Event "URS-ch sf"]
[Site "Sverdlovsk"]
[Date "1984.??.??"]
[Round "?"]
[White "Yudasin, Leonid"]
[Black "Shneider, Aleksandr"]
[Result "1-0"]
[WhiteElo "2460"]
[BlackElo "2460"]

1.e4 c5 2.Nf3 d6 3.d4 cxd4 4.Nxd4 Nf6 5.Nc3 a6 6.f4 Qc7 7.a4 g6 8.Bd3 Bg7
9.Nf3 Nbd7 10.O-O O-O 11.Qe1 Nc5 12.Qh4 e6 13.Kh1 Bd7 14.Be3 Rae8 15.e5 Nd5
16.Nxd5 exd5 17.f5 Nxd3 18.f6 Bh8 19.cxd3 dxe5 20.Bh6 Bf5 21.Bxf8 Kxf8 22.Qh6+ Kg8
23.Ng5 Bxf6 24.Rxf5 gxf5 25.Qxf6 f4 26.Qf5 f6 27.Qxf6 Qg7 28.Qf5 h6 29.Nf3 Qf7
30.Qg4+ Kh7 31.Qh3 Kg7 32.d4 e4 33.Ne5 Qe6 34.Qh4 Qf6 35.Qg4+ Kh7 36.Qd7+  1-0

[Event "URS-ch sf"]
[Site "Sverdlovsk"]
[Date "1984.??.??"]
[Round "?"]
[White "Yudasin, Leonid"]
[Black "Lukin, Andrei M"]
[Result "1-0"]
[WhiteElo "2460"]
[BlackElo "2470"]

1.e4 c5 2.Nf3 d6 3.d4 cxd4 4.Nxd4 Nf6 5.Nc3 a6 6.f4 e5 7.Nf3 Nbd7 8.Bd3 Be7
9.O-O O-O 10.a4 exf4 11.Kh1 Nc5 12.Bxf4 Be6 13.Nd4 Qb6 14.Qd2 Nxd3 15.Qxd3 Rac8
16.b3 Qc5 17.Nce2 d5 18.e5 Ne4 19.Nxe6 fxe6 20.Nd4 Rfe8 21.Rad1 Bg5 22.g3 Qe7
23.Qe3 h6 24.c4 Rf8 25.Rde1 Kh8 26.Kg1 Bxf4 27.gxf4 g5 28.Qh3 gxf4 29.Nxe6 Rg8+
30.Kh1 Qh7 31.Rxf4 Ng5 32.Nxg5 hxg5 33.Qxh7+ Kxh7 34.Rf7+ Kg6 35.Rf6+ Kg7
36.cxd5 Rc2 37.Rg1  1-0

[Event "URS-ch sf"]
[Site "Sverdlovsk"]
[Date "1984.??.??"]
[Round "?"]
[White "Yudasin, Leonid"]
[Black "Gavrikov, Viktor"]
[Result "1-0"]
[WhiteElo "2460"]
[BlackElo "2485"]

1.e4 c5 2.Nf3 d6 3.d4 cxd4 4.Nxd4 Nf6 5.Nc3 a6 6.Be3 Qc7 7.Qd2 e6 8.f3 b5
9.g4 Bb7 10.O-O-O Nc6 11.Kb1 Rc8 12.h4 Ne5 13.Rg1 Nc4 14.Bxc4 Qxc4 15.g5 Nd7
16.h5 g6 17.Rh1 Rg8 18.hxg6 hxg6 19.Nb3 Qc7 20.Bd4 b4 21.Ne2 a5 22.Bf2 Ne5
23.Ned4 Nc4 24.Qc1 Ba6 25.Rh7 Be7 26.f4 e5 27.Nf3 exf4 28.Nbd4 Rf8 29.Qxf4 a4
30.Be1 a3 31.b3 Nb2 32.Rd2 Na4 33.Rdh2 Nc3+ 34.Ka1 Bb7 35.Rh8 Bxe4 36.Rxf8+ Bxf8
37.Nb5 Nxb5 38.Qxe4+ Qe7 39.Qxb4 Bg7+ 40.Kb1 Rc5 41.Rh4 Kf8 42.Re4 Qb7 43.Re3 Rf5
44.Qg4 Qd5 45.Rd3 Qe6 46.Qc4 Qe8 47.Bd2 Bb2 48.Re3 Qa8 49.Nh4 Rxg5 50.c3 Kg7
51.Kc2 Rc5 52.Qf4 Qd8 53.Rf3 Qe7 54.Nxg6  1-0

[Event "URS-ch sf"]
[Site "Sverdlovsk"]
[Date "1984.??.??"]
[Round "?"]
[White "Yudasin, Leonid"]
[Black "Bagirov, Vladimir"]
[Result "1/2-1/2"]
[WhiteElo "2460"]
[BlackElo "2485"]

1.e4 c6 2.d4 d5 3.e5 Bf5 4.c3 e6 5.Be3 Qb6 6.Qb3 Nd7 7.Nd2 h5 8.f4 Nh6 9.Ngf3 Be7
10.h3 f6 11.Be2 O-O-O 12.O-O-O fxe5 13.fxe5 Nf7 14.Rdf1 Qxb3 15.Nxb3 Rdf8
16.Kd1 Kd8 17.Nc1  1/2-1/2

[Event "URS-ch sf"]
[Site "Sverdlovsk"]
[Date "1984.??.??"]
[Round "?"]
[White "Osnos, Viatcheslav"]
[Black "Yudasin, Leonid"]
[Result "0-1"]
[WhiteElo "2455"]
[BlackElo "2460"]

1.d4 Nf6 2.c4 e6 3.Nf3 b6 4.g3 Ba6 5.Qa4 c5 6.Bg2 Bb7 7.O-O cxd4 8.Nxd4 Bxg2
9.Kxg2 Be7 10.Nc3 Qc7 11.f3 a6 12.e4 O-O 13.Be3 Rc8 14.Rac1 d6 15.Qd1 Nbd7
16.b3 Qb7 17.Re1 Bf8 18.Bf2 g6 19.Qd2 Ne5 20.h3 Re8 21.Kh2 b5 22.cxb5 axb5
23.a4 bxa4 24.bxa4 Rec8 25.f4 Nc4 26.Qe2 Nb2 27.Rb1 Rxc3 28.Rxb2 Qc8 29.Nb5 Rc4
30.Na7 Qa6 31.Rb4 d5 32.Rxc4 dxc4 33.Bd4 Rxa7 34.Bxf6 Qxa4 35.Ra1 Qd7 36.Rd1 Qb5
37.Rd2 Ra3 38.Rb2 Rb3 39.Rxb3 Qxb3 40.Qd2 Qf3 41.Qd8 c3 42.h4 Qe2+ 43.Kh3 Qxe4
44.Bxc3 Qh1+ 45.Kg4 h5+ 46.Kg5 Qf3  0-1

[Event "URS-ch sf"]
[Site "Sverdlovsk"]
[Date "1984.??.??"]
[Round "?"]
[White "Kengis, Edvins"]
[Black "Yudasin, Leonid"]
[Result "1/2-1/2"]
[WhiteElo "2445"]
[BlackElo "2460"]

1.d4 Nf6 2.c4 e6 3.g3 d5 4.Bg2 Be7 5.Nf3 O-O 6.O-O b6 7.cxd5 exd5 8.Nc3 Bb7
9.Bf4 Na6 10.a3 c5 11.Qc2 Qc8 12.Rad1 Rd8 13.Be5 Ne4 14.dxc5 Nxc3 15.Bxc3 bxc5
16.e3 Qe6 17.Rfe1 Rac8 18.Qa4 Qc6 19.Qg4 Qg6 20.Qa4 Qc6 21.Qg4 Qg6 22.Qa4 Qc6  1/2-1/2

[Event "Albena"]
[Site "Albena"]
[Date "1985.??.??"]
[Round "?"]
[White "Spassov, Liuben"]
[Black "Yudasin, Leonid"]
[Result "1/2-1/2"]
[WhiteElo "2395"]
[BlackElo "2470"]

1.Nf3 c5 2.c4 Nf6 3.g3 d5 4.cxd5 Nxd5 5.Bg2 Nc6 6.d4 Nb6 7.e3 Bg4 8.Nc3 cxd4
9.exd4 e6 10.O-O Be7 11.h3 Bxf3 12.Bxf3 Qd7 13.Be3 O-O 14.Qe2 Bf6 15.Rfd1 Nxd4
16.Bxd4 Bxd4 17.Nb5 e5 18.Nxd4 exd4 19.Qe4 Rab8 20.Rxd4 Qxh3  1/2-1/2

[Event "Albena"]
[Site "Albena"]
[Date "1985.??.??"]
[Round "?"]
[White "Yudasin, Leonid"]
[Black "Kurtenkov, Atanas"]
[Result "0-1"]
[WhiteElo "2470"]
[BlackElo "2405"]

1.e4 c5 2.Nf3 Nc6 3.d4 cxd4 4.Nxd4 e6 5.Nb5 d6 6.c4 Nf6 7.N1c3 a6 8.Na3 Be7
9.Be2 O-O 10.O-O b6 11.Be3 Ne5 12.f4 Ned7 13.Bf3 Bb7 14.Qc2 Qc7 15.Rac1 Rac8
16.g4 Nb8 17.g5 Nfd7 18.Qg2 Rfe8 19.h4 Nf8 20.Qf2 Nbd7 21.Bg2 Bd8 22.h5 Ba8
23.Rcd1 Bc6 24.b4 Qb8 25.b5 Bb7 26.Bd4 a5 27.h6 g6 28.f5 Re7 29.fxg6 Nxg6
30.Bf6 Nge5 31.Bxe5 dxe5 32.Bh3 Qc7 33.Kh2 Qc5 34.Qf3 Qxa3 35.Bxe6 fxe6 36.Rd2 Bxe4
37.Nxe4 Qxf3 38.Rxf3 Nf8 39.c5 bxc5 40.Nf6+ Kh8 41.Nd7 Nxd7  0-1

[Event "Albena"]
[Site "Albena"]
[Date "1985.??.??"]
[Round "?"]
[White "Yudasin, Leonid"]
[Black "Kouatly, Bachar"]
[Result "1-0"]
[WhiteElo "2470"]
[BlackElo "2455"]

1.e4 c5 2.Nc3 e6 3.Nf3 Nc6 4.d4 cxd4 5.Nxd4 Nf6 6.Bf4 d6 7.Nb3 Be7 8.Qd2 h6
9.f3 a6 10.O-O-O Ne5 11.Qf2 Qc7 12.h4 h5 13.Qg3 g6 14.Bg5 Bd7 15.Qf4 Nh7
16.Bxe7 Kxe7 17.Be2 Rhc8 18.Rd4 f6 19.Qh6 Rh8 20.Qe3 b5 21.Rhd1 Nf7 22.f4 Bc6
23.a3 e5 24.R4d2 Nf8 25.f5 gxf5 26.exf5 Qa7 27.Qg3 Nd7 28.Na5 Rac8 29.Qg7 Ba8
30.Rxd6 Nc5 31.Rxf6 Rcf8 32.Rxf7+ Rxf7 33.Qxe5+ Ne6 34.Qxe6+ Kf8 35.Rd8+  1-0

[Event "Albena"]
[Site "Albena"]
[Date "1985.??.??"]
[Round "?"]
[White "Yudasin, Leonid"]
[Black "Farago, Ivan"]
[Result "1/2-1/2"]
[WhiteElo "2470"]
[BlackElo "2510"]

1.d4 Nf6 2.c4 e6 3.Nc3 Bb4 4.a3 Bxc3+ 5.bxc3 c5 6.f3 d5 7.cxd5 Nxd5 8.dxc5 Qa5
9.e4 Nc7 10.Qd4 f6 11.Qb4 Nc6 12.Qxa5 Nxa5 13.Rb1 Bd7 14.Bd2 O-O-O 15.c4 Nc6
16.Ne2 Be8 17.h4 Bf7 18.Rh3 Rd7 19.Rg3 g6 20.Bh6 Rhd8 21.Nc3 Ne5 22.Bg7 Ne8
23.Bf8 Nd3+ 24.Ke2 Nf4+ 25.Kf2 Rd2+ 26.Kg1 Rc2 27.Nb5 a6 28.Bd6 axb5 29.Bxf4 e5
30.Be3  1/2-1/2

[Event "Albena"]
[Site "Albena"]
[Date "1985.??.??"]
[Round "?"]
[White "Toshkov, Tihomir"]
[Black "Yudasin, Leonid"]
[Result "1/2-1/2"]
[WhiteElo "2420"]
[BlackElo "2470"]

1.Nf3 Nf6 2.c4 e6 3.Nc3 b6 4.g3 Bb7 5.Bg2 Be7 6.O-O O-O 7.d4 d5 8.Ne5 Na6
9.cxd5 exd5 10.Bf4 Qc8 11.Rc1 Rd8 12.Nd3 c5 13.Be5 Ne4 14.dxc5 bxc5 15.Nf4 Nxc3
16.bxc3 Bg5 17.Rb1 Bc6 18.Bh3 Bd7 19.Bg2 Bc6 20.Bh3 Bd7 21.Bg2  1/2-1/2

[Event "Albena"]
[Site "Albena"]
[Date "1985.??.??"]
[Round "?"]
[White "Yudasin, Leonid"]
[Black "Vilela, Jose Luis"]
[Result "1-0"]
[WhiteElo "2470"]
[BlackElo "2430"]

1.d4 Nf6 2.c4 e6 3.Nc3 Bb4 4.a3 Bxc3+ 5.bxc3 c5 6.e3 b6 7.Bd3 Nc6 8.e4 d6
9.Ne2 e5 10.d5 Ne7 11.O-O Ng6 12.Ng3 Nf4 13.Bb1 g6 14.Re1 O-O 15.Nf1 Qe8
16.g3 N4h5 17.f4 Kh8 18.Ra2 Rg8 19.Kh1 Bd7 20.Bd3 Bg4 21.Qc2 b5 22.cxb5 exf4
23.c4 fxg3 24.Bb2 Qe7 25.hxg3 Ng7 26.Nh2 Bd7 27.Qf2 Nfe8 28.e5 Rf8 29.a4  1-0

[Event "Albena"]
[Site "Albena"]
[Date "1985.??.??"]
[Round "?"]
[White "Lukacs, Peter"]
[Black "Yudasin, Leonid"]
[Result "1/2-1/2"]
[WhiteElo "2465"]
[BlackElo "2470"]

1.d4 f5 2.c4 Nf6 3.g3 e6 4.Bg2 c6 5.Nf3 d5 6.O-O Bd6 7.b3 Qe7 8.Bb2 O-O 9.Nbd2 Bd7
10.Ne5 Be8 11.Ndf3 Bh5  1/2-1/2

[Event "Albena"]
[Site "Albena"]
[Date "1985.??.??"]
[Round "?"]
[White "Kirov, Nino"]
[Black "Yudasin, Leonid"]
[Result "1/2-1/2"]
[WhiteElo "2475"]
[BlackElo "2470"]

1.Nf3 Nf6 2.g3 b6 3.Bg2 Bb7 4.O-O e6 5.c4 Be7 6.Nc3 O-O 7.d4 d5 8.Ne5 Na6
9.Bf4 Qc8 10.cxd5 exd5 11.Rc1 Rd8 12.Nd3 c5 13.Be5 Ne4 14.Nf4 Nxc3 15.Rxc3 c4
16.Bh3 Qc6 17.e4 Qh6 18.exd5 f6 19.d6 fxe5 20.dxe7 Rxd4 21.Be6+ Kh8 22.Rxc4 Rxd1
23.Rxd1 Qf6 24.Ng6+ hxg6 25.Rh4+ Qxh4 26.gxh4 Kh7 27.Bf7 Nc7 28.Rd7 Rc8 29.f4 Bc6
30.Rd8 Ra8 31.fxe5 a5 32.e6 Kh6 33.Rxa8 Nxa8 34.e8=Q Bxe8 35.Bxe8 Nc7 36.Bf7 Nd5
37.Kf2 g5 38.Kf3 gxh4 39.Ke4 g5 40.Kf5 Ne7+ 41.Kg4 b5 42.Be8 b4 43.h3 Nd5
44.Bc6 Ne3+ 45.Kf3 Nf5 46.Ke4 Ne7 47.Bb5 g4 48.hxg4 h3 49.Be2 Ng6 50.Bf3 Kg5
51.Kd5 Kf4 52.Bh1 Kxg4 53.Kd6 Kf4 54.b3 Ke3 55.Kc5 Kd3 56.Kb5 Kc3 57.Kxa5 Ne7
58.Kb5  1/2-1/2